000 00923nam a2200121Ia 4500
008 220620s9999||||xx |||||||||||||| ||und||
100 _aZiolkowski, Jan M.
245 4 _aThe Juggler of Notre Dame and the Medievalizing of Modernity
_bVolume 3: The American Middle Ages
546 _aEnglish[eng]
650 _aMiddle Ages||reception studies||Modernity||medieval studies||medievalism||philology||literary history||art history||folklore||performance studies||Henry Adams||Ralph Adams Cram||Gothic architecture||American architecture||Gothic reception in America||Collegiate Gothic||United States
856 _uhttps://library.oapen.org/bitstream/20.500.12657/29464/1/9781783745234.pdf||https://library.oapen.org/bitstream/20.500.12657/29464/1/9781783745234.pdf||https://library.oapen.org/bitstream/20.500.12657/29464/1/9781783745234.pdf||https://library.oapen.org/bitstream/20.500.12657/29464/1/9781783745234.pdf
942 _cEB
999 _c25551
_d25551